000 00335nam a2200145 i 4500
001 bg
100 1 _aDELANEY, S. F. G.
245 0 _aElectronics for the physicist /
_cS.F.G. Delaney.
260 _aLondon,
_c1971.
040 _cBPK
041 _apol
080 _a621.38
942 _cKS
008 s pl f |000 0 pol
999 _c15020
_d15020
856 _uhttp://koha.tu.koszalin.pl/cgi-bin/koha/opac-detail.pl?biblionumber=15020
_yKatalog online BPK